Réponses avec le mot "Coeur" - Statistiques

Statistiques générales
  • Ce quiz a été pris 20 820 fois
    19 048 depuis la dernière actualisation
  • Le résultat moyen est 9 sur 18
Statistiques - réponses
Indice Réponse % Correct
Association créée par Coluche en 1985 Les Restos du Cœur
95%
Célèbre basilique située au sommet de la butte Montmartre à Paris Le Sacré-Cœur
93%
Ce qu'on attend des élèves, par exemple pour une poésie Apprendre par cœur
80%
Méchante dans Alice au Pays des Merveilles Reine de cœur
77%
Citation de Blaise Pascal qui parle de sa foi, et non d'amour {Le} {cœur} {a} {ses} {raisons} que la raison ne connaît point
74%
Variété de tomate en forme de cœur Cœur de bœuf
69%
On dit d'une personne insensible qu'elle en a un Un cœur de pierre
68%
Fils d'Aliénor d'Aquitaine qui fut roi d'Angleterre au 1189 à 1199 Richard Cœur de Lion
56%
Être généreux, franc, ouvert Avoir le cœur sur la main
51%
Se dit de quelqu'un qui tombe amoureux facilement Avoir un cœur d'artichaut
49%
Interprète québécoise de Comme des enfants en 2008 Cœur de Pirate
47%
Opération réalisée pour la première fois par Christiaan Barnard en 1967 Greffe du cœur
46%
Travailler avec ardeur Mettre du cœur à l'ouvrage
34%
Comédie romantique française avec Vanessa Paradis et Romain Duris L'Arnacœur
28%
Partie d'un ordinateur servant aux calculs, qui peut avoir plusieurs cœurs Processeur multi-cœur
27%
Chanson de Laurent Voulzy sortie en 1979 Le cœur {grenadine}
19%
Réconforter, remonter le moral Mettre du baume au cœur
14%
Film de Jacques Audiard ayant obtenu 8 Césars en 2005 De battre mon cœur s'est arrêté
7%
Aucun quiz correspondant
Distribution des résultats
% des personnes avec chaque résultat
Percentile par nombre de réponses
Votre historique - résultats
Vous n’avez pas pris ce quiz depuis la dernière actualisation